[Event "BCF-chT2 9900 (4NCL)"]
[Site "Birmingham"]
[Date "2000.01.22"]
[Round "5.7"]
[White "Mitchell, Gareth"]
[Black "Elliott, Sean"]
[Result "1/2-1/2"]
[WhiteElo "1568"]
[BlackElo "2000"]
[PlyCount "41"]
[EventDate "1999.10.??"]
[EventType "team"]
[EventRounds "11"]
[EventCountry "ENG"]
[SourceTitle "EXT 2001"]
[Source "ChessBase"]
[SourceDate "2000.11.22"]
[SourceVersion "1"]
[SourceVersionDate "2000.11.22"]
[SourceQuality "1"]
[WhiteTeam "Thistle White Rose"]
[BlackTeam "Witney"]
[WhiteTeamCountry "ENG"]
[BlackTeamCountry "ENG"]

1. e4 c5 2. Nf3 d6 3. Bb5+ Bd7 4. Bxd7+ Nxd7 5. 0-0 Ngf6 6. Re1 e6 7. c3 Be7 8. d4 0-0 9. e5 Ne8 10. Bf4 d5 11. dxc5 Nxc5 12. Qc2 Rc8 13. Nbd2 h6 14. h3 b5 15. Rac1 a6 16. Nb3 Nc7 17. Be3 Na8 18. Nxc5 Bxc5 19. Bxc5 Rxc5 20. Qd3 Nb6 21. Nd4 1/2-1/2